000 00437nam a2200169Ia 4500
005 20250626014651.0
008 240331s9999 xx 000 0 und d
020 _a955962542X
082 _bSIN
_a891
100 _aSinhaarachchi, C.L
245 0 _aAranakata pembanda
250 _a2nd
260 _aNugegoda
_bWijesuriya Book Centre
_c2000
300 _a274 p .,
500 _aTranslation of Falling in love with a monster
942 _cL
999 _c5368
_d5368